000 00407nam a2200181Ia 4500
000 00746ngmaa2200277 a 4500
003 RNL
006 g||||fr|||| a0| fz
007 hj bfb|||baap
008 090707b ii f a fnsan d
040 _aeng
100 _aJhajj, Amrik Singh
245 _aGidde Bhangre Dian Bolian
260 _aPatiala
260 _bSangam Pub.
260 _c2013
942 _cBK
999 _c27200
_d27200